000 00445pab a2200181 454500
008 180718b2003 xxu||||| |||| 00| 0 eng d
100 _aSingh, O.R.
245 _aChildren of women prisoners and role of NGOs
260 _c2003
300 _ap.48-53.
362 _aJul-Sep
650 _aNongovernmental organizations
650 _aWomen
650 _aChildren
650 _aPrisoners
773 _aIndian Police Journal
909 _a59826
999 _c59826
_d59826